000 03108nam a2200325Ka 4500
001 000007707
003 DO-SdBNP
005 20260305073956.0
008 090907s2002 dr c 001 0 spa d
020 _a9993461261
040 _aDO-SdBNP
_bspa
_cBNPHU
082 _a324.97293
_bC389c
100 1 _aCedano, Mario J.,
_d1959 -
_921378
245 1 0 _aCómo defender al gobierno de Hipólito Mejía /
_cMario J. Cedano, J. Estévez Aristy.
260 _aSanto Domingo :
_bBúho,
_c2002.
300 _a301 p. :
_bretrs. ;
_c24 cm.
490 1 _aJosé Francisco Peña Gómez ;
_v2
500 _aIncluye índice onómastico
505 2 _aPreámbulo -- Carta-Prólogo del Presidente Hipólito Mejía -- Cómo responder párrafo por parráfo el discurso crítico de Leonel Fernández sin reino en contra del gobierno de Hipólito Mejía -- Cómo responder a las nuevas críticas electorales de Leonel Fernández sin reino en contra del gobierno del PRD -- Qué decir frente a los críticos del área educativa del gobierno blanco -- Cuáles argumentos usar frente a los que critican al gobierno en materia agrícola -- 50,000 razones fundamentales para desmentir a los que señalan que este gobierno no hace nada por los pobres -- Argumentos imbatibles frente a los que magnifican el fenómeno delicuencial en la República Dominicana -- Defensa del gobierno de Hipólito Mejía frente a los que magnifican lo que algunos llaman el endeudamiento externo del país -- Defensa a la lucha anticorrupción del Partido Revolucionario Dominicano -- Razonamientos fundamentales sobre la política de obras realizadas por el nuevo gobierno -- Ejecuciones del PRD en las restantes provincias que conforman la zona fronteriza de la geografía nacional -- Ejecuciones del PRD en las restantes provincias que conforman el Cibao central de la geografía nacional -- Ejecuciones del PRD en las restantes provincias que conforman la región nordeste de la geografía nacional -- Ejecuciones del PRD en las restantes provincias que conforman la región este de la geografía nacional -- La mejor defensa contra los que ven catastrófica la política de agua potable de las actuales autoridades -- Defensa al gobierno de Hipólito Mejía en materia de salud -- Defensa a los logros de las autoridades monetarias del gobierno del PRD -- Manual de defensa deportiva para el gobierno dominicano presidido por el ingeniero agrónomo Hipólito Mejía -- Defienda la política de viviendas del nuevo gobierno del PRD, empezando por la frase: Hipólito techa al país -- La mejor defensa a la CDE -- Cómo responder a las críticas del área cultural
590 _aInventariado, 2018/BT
600 1 4 _aMejía, Hipólito ,
_d1941-
_921379
600 1 0 _aFernández, Leonel,
_d1953-
_97291
650 0 _aAdministración pública
_99266
650 4 _aTácticas políticas
_zRepública Dominicana
_93009
651 0 _aRepública Dominicana
_xPolítica y gobierno
_945
700 1 _aEstévez Aristy, J.
_921380
830 0 _aJosé Francisco Peña Gómez ;
_n2
_921381
910 _aValidado. Control de calidad. MMOLINA
942 _2ddc
_cLBS1
999 _c7486
_d7486